|
|
|
|
| LEADER |
01284nam a2200361Ia 4500 |
| 001 |
EBC492472 |
| 003 |
MiAaPQ |
| 005 |
20200520144314.0 |
| 006 |
m o d | |
| 007 |
cr cn||||||||| |
| 008 |
091120s2010 cau sb 001 0 eng d |
| 010 |
|
|
|z 2009048250
|
| 020 |
|
|
|z 9780313383618 (hbk. : alk. paper)
|
| 020 |
|
|
|a 9780313383625 (electronic bk.)
|
| 035 |
|
|
|a (MiAaPQ)EBC492472
|
| 035 |
|
|
|a (Au-PeEL)EBL492472
|
| 035 |
|
|
|a (CaPaEBR)ebr10369968
|
| 035 |
|
|
|a (CaONFJC)MIL249212
|
| 035 |
|
|
|a (OCoLC)615600350
|
| 040 |
|
|
|a MiAaPQ
|c MiAaPQ
|d MiAaPQ
|
| 050 |
|
4 |
|a HD38.2
|b .W378 2010
|
| 082 |
0 |
4 |
|a 658.4/07124
|2 22
|
| 100 |
1 |
|
|a Watts, George W.
|
| 245 |
1 |
0 |
|a Becoming your own business coach
|h [electronic resource] /
|c George W. Watts.
|
| 260 |
|
|
|a Santa Barbara, Calif. :
|b Praeger,
|c c2010.
|
| 300 |
|
|
|a 179 p.
|
| 504 |
|
|
|a Includes bibliographical references and index.
|
| 533 |
|
|
|a Electronic reproduction. Ann Arbor, MI : ProQuest, 2015. Available via World Wide Web. Access may be limited to ProQuest affiliated libraries.
|
| 650 |
|
0 |
|a Executive ability.
|
| 650 |
|
0 |
|a Executive coaching.
|
| 655 |
|
4 |
|a Electronic books.
|
| 710 |
2 |
|
|a ProQuest (Firm)
|
| 856 |
4 |
0 |
|u https://ebookcentral.proquest.com/lib/matrademy/detail.action?docID=492472
|z Click to View
|